[Event "EU-chT (Men) 15th"]
[Site "Gothenburg"]
[Date "2005.07.31"]
[Round "2.1"]
[White "Hall, Jesper"]
[Black "Akopian, Vladimir Eduardovic"]
[Result "0-1"]
[WhiteElo "2487"]
[BlackElo "2705"]
[Annotator "Psakhis,L"]
[PlyCount "58"]
[EventDate "2005.07.30"]
[EventType "team-swiss"]
[EventRounds "9"]
[EventCountry "SWE"]
[SourceTitle "CBM 109"]
[Source "ChessBase"]
[SourceDate "2005.11.14"]
[SourceVersion "1"]
[SourceVersionDate "2005.11.14"]
[SourceQuality "1"]
[WhiteTeam "Sweden III"]
[BlackTeam "Armenia"]
[WhiteTeamCountry "SWE"]
[BlackTeamCountry "ARM"]

1. e4 e6 2. d3 d5 3. Nd2 Nf6 4. Ngf3 b6 5. c3 c5 6. Be2 (6. a3 Ba6 7. e5 Nfd7
8. d4 Bxf1 9. Nxf1 Nc6 10. Ng3 b5 11. O-O a5 12. Be3 Be7 13. Nh5 g6 14. Nf4
cxd4 15. cxd4 a4 16. Qe2 Rb8 17. Nd3 O-O 18. g4 Qb6 19. h4 b4 20. axb4 Nxb4 21.
Rxa4 Nxd3 22. Qxd3 Qb5 23. Ra7 Rb7 24. Rxb7 Qxb7 25. Rb1 Qc7 26. Bg5 Bxg5 27.
Nxg5 Rb8 {1-0 Nevednichy,V-Nicula,M/ROM t-ch 1994/ChessBase}) (6. g3 Ba6 (6...
Nc6 7. Bg2 dxe4 8. dxe4 Ba6 9. Qa4 Qc8 10. Bf1 Bb7 11. Qc2 Be7 12. Be2 O-O 13.
O-O Nd7 14. a4 Na5 15. b3 Bf6 16. Re1 Qc7 17. Ba3 Rfd8 18. Rac1 Rac8 19. Bf1 g6
20. Rcd1 Ne5 21. Nxe5 Qxe5 22. Bb2 Qc7 {0-1 Komliakov,V (2400)-Cherniak,l/
Moscow 1989/ChessBase (39)}) (6... Bb7 7. e5 Nfd7 8. d4 Nc6 9. a3 f6 10. exf6
Qxf6 11. Bh3 cxd4 12. cxd4 Nxd4 13. Nxd4 Qxd4 14. O-O O-O-O 15. Bxe6 Kb8 16.
Nf3 Qxd1 17. Bf4+ Ka8 18. Raxd1 Nc5 19. Bh3 Ba6 20. Rfe1 Nd3 21. Rxd3 Bxd3 22.
Ne5 Be4 23. Nf7 Bc5 24. Nxh8 Rxh8 25. Be6 Rf8 26. Rxe4 {1-0 Sanduleac,
V-Munteanu,A/Romania op 1994/ChessBase}) 7. exd5 $1 $146 (7. c4 {- 61/(6)})
7... Qxd5 $6 (7... exd5 8. d4 Bxf1 9. Nxf1 Be7 10. Bg5 O-O 11. Ne3 Nbd7 12. O-O
h6 $11) 8. Nc4 $1 Bxc4 9. dxc4 Qxd1+ 10. Kxd1 Nc6 11. Bg2 Rc8 (11... O-O-O+ 12.
Kc2 Kc7 13. h3 Bd6 14. Bd2 Rd7 15. Rae1 Rhd8 16. Re2 h6 $14) 12. Re1 Bd6 13.
Kc2 h6 14. Re2 Kd7 15. Bd2 Kc7 16. Rf1 Rcd8 17. Ne1 Rd7 18. f4 Re7 $1 19. Nd3
Rhe8 20. b4 $1 Nd7 (20... cxb4 21. Bxc6 Kxc6 22. cxb4 $16) 21. a3 {1/2-1/2
Short,N (2697)-Bareev,E (2679)/Sarajevo 75/248 1999/Inf 75/[Bareev,E] (36)}) (
6. Qa4+ Qd7 (6... Nfd7 7. Be2 Be7 8. Ne5 O-O 9. Nxd7 Qxd7 10. Qxd7 Nxd7 11. O-O
Ba6 12. exd5 exd5 13. Re1 Rfe8 14. Nf3 Bf6 15. Be3 Nf8 16. Bf1 {1/2-1/2
Ciocaltea,V (2470)-Uhlmann,W (2550)/Halle 1974/ChessBase}) (6... Bd7 7. Qc2 Qc7
8. Be2 Be7 9. O-O O-O 10. Re1 Nc6 11. Bf1 Rac8 12. a3 Qb8 13. Qb1 a5 14. d4
cxd4 15. cxd4 dxe4 16. Nxe4 h6 17. Nxf6+ Bxf6 18. Qe4 Ne7 19. Ne5 Bxe5 20. dxe5
Rfd8 21. b4 Bc6 {0-1 Van Delft,M (2341)-Hertneck,G (2519)/BL 0203 2003/ (55)})
7. Qc2 (7. Qxd7+ Nfxd7 8. exd5 exd5 9. d4 Be7 10. Be2 Nc6 11. Nf1 O-O 12. Ne3
cxd4 13. Nxd4 Nxd4 14. cxd4 Nf6 15. Bd2 Rd8 16. f3 g6 17. Kf2 Bb7 18. Rac1 Rac8
19. Rxc8 Rxc8 {1/2-1/2 Komliakov,V (2484)-Lastin,A (2628)/EUR-Cup Panormo 2001/
The Week in Chess 360}) 7... Qc7 8. Be2 Be7 9. O-O O-O 10. Re1 Nbd7 11. b3 Bb7
12. Bb2 Rac8 13. Rad1 Rfe8 14. Qb1 e5 15. exd5 Nxd5 16. Bf1 Bf8 17. a3 Nf4 18.
g3 Ne6 19. Bg2 Rcd8 20. Re3 g6 {0-1 Emms,J (2515)-Kindermann,S (2516)/BL 0203
2003/ (37)}) 6... Qc7 (6... Bb7 7. O-O Qc7 8. e5 Nfd7 9. d4 Be7 10. Re1 O-O 11.
Bd3 Ba6 12. Bb1 cxd4 13. cxd4 Rc8 14. Nb3 Nc6 15. Ng5 Nf8 16. Qh5 Bxg5 17. Bxg5
Nb4 18. Rc1 Qd7 19. Rc3 Rxc3 20. bxc3 Qb5 21. Qd1 Nd3 22. Bc2 Rc8 {1/2-1/2
Bologan,V (2663)-Pelletier,Y (2623)/Poikovsky 2003/The Week in Chess 442 (60)})
(6... Nc6 7. O-O Bd6 8. Re1 O-O 9. Bf1 Qc7 10. Qe2 e5 11. exd5 Nxd5 12. Nc4 Bg4
13. h3 Bh5 14. g4 Bg6 15. Bg2 Rad8 16. Nh4 Nde7 17. Bd2 f6 18. Nxg6 Nxg6 19.
Qe4 Nce7 20. Rad1 Qd7 {0-1 Kochetkov,G-Krivosheja/Moscow op 1994/ChessBase (59)
}) 7. O-O Nc6 8. Re1 (8. Qa4 Bd7 9. Qc2 Bd6 10. Re1 O-O 11. Nf1 h6 12. Bd2 Ne7
13. Rac1 dxe4 14. dxe4 Bc6 15. Bd3 Ng6 16. Rcd1 Rad8 17. Bc1 c4 {0-1 Hall,J 
(2498)-Bareev,E (2709)/BL 0001 2001/(52)}) 8... Bd6 9. a3 $146 {White is
playing too passively and this strategy often leads to a disaster.} (9. Qc2 O-O
10. Nf1 h6 11. Be3 (11. Ng3 dxe4 12. dxe4 Bb7 13. Bd2 Rad8 14. Rad1 Ne7 15. Bf1
Ng6 16. Re2 Bc6 17. Rde1 Ng4 18. Bc1 Rd7 19. Rd2 Rfd8 20. h3 N4e5 21. Nxe5 Bxe5
22. Nh5 Rxd2 23. Bxd2 Bh2+ {1/2-1/2 Bauer,C (2618)-Bareev,E (2709)/World Cup
Cannes Gr-A 2001/ (41)}) 11... dxe4 12. dxe4 Ne7 13. e5 Bxe5 14. Nxe5 Qxe5 15.
Bf3 Rb8 16. g3 Qf5 17. Qxf5 Nxf5 18. Bf4 Rb7 19. Bxb7 Bxb7 20. Rad1 Nd5 21. Bd2
c4 22. f3 g5 23. Kf2 Kg7 {Bachmann,A (2179)-Coelho,L (2409)/Imperatriz
Pre-Amazon op 2003/ /1/2-1/2}) 9... O-O 10. b4 dxe4 11. dxe4 Ne5 $1 $36 {
Akopian has a very comfortable game with no problems about his development and
counterplay.} 12. Nc4 $6 {White has obviously lost the thread.} (12. Bf1 $142
Bb7 {[%cal Ga8d8]}) 12... Nxc4 (12... Nxf3+ $142 $5 13. Bxf3 Bxh2+ 14. Kh1 Ba6
15. e5 $140 Rad8 16. Qc2 Bxc4 17. exf6 Be5 18. fxg7 Bxg7 $17) 13. Bxc4 Ng4 $1 (
13... cxb4 14. e5 $5 Qxc4 15. Qxd6 Nd5 16. cxb4 Bb7 $15) 14. h3 (14. g3 cxb4)
14... Bh2+ 15. Kf1 cxb4 16. Qb3 (16. Bd3 Nxf2 $5 17. Kxf2 Bg3+ 18. Kf1 Bxe1 $17
) 16... Ne5 (16... Nxf2 $2 17. Nxh2 $1) 17. Nxe5 Bxe5 18. axb4 b5 $6 {In my
opinion Black could obtain a clear edge here by simple means.} (18... Bd7 $142
$5 {[%cal Gb6b5,Gf8c8]}) ({The natural} 18... a5 $142 $5 19. bxa5 bxa5 {
[%csl Ga5,Rc3]} 20. Bd2 Bd7 $17 {[%cal Ga5a4] was very strong.}) 19. Bxb5 Bxc3
20. Qc2 $2 {Obviously overlooking Black's next move. More tenacious was} (20.
Bf4 $142 $1 e5 (20... Qxf4 21. Qxc3 Bb7 22. Ba6 $5 $11) 21. Rec1 (21. Rac1 Qb8
$19) 21... Qb7 22. Ra5 $8 (22. Ba6 Qb6 23. Rxc3 $8 Bxa6+ 24. Rxa6 Qxa6+ 25. b5
Qd6 $19) 22... Qxe4 23. Qxc3 Qxf4 24. Bc6 Rb8 25. b5 $44) 20... Qe5 $1 $17 {
A very strong answer, which was certainly overlooked by White.} 21. Bc6 (21.
Ra5 Bxb4 $19) 21... Bxa1 22. Bxa8 Ba6+ 23. Kg1 Qc3 $1 (23... Rxa8 24. Qc6 Rd8
25. Qxa6 Bc3 $17) 24. Qxc3 (24. Qd1 Rxa8 25. Bd2 Qd4 26. Qxa1 Qxd2 27. Rd1 Qe2
$19) 24... Bxc3 25. Re3 Rc8 $1 $19 {[%csl Ra8,Rc1] Akopian converts his
advantage into a victory very convincingly.} 26. b5 (26. Rxc3 Rxc3 27. Bf4 Rc8)
26... Bxb5 27. Ba3 (27. Bb7 Rc7 {[%cal Rc3d4]}) 27... Be5 28. Rb3 (28. Bb7 Rb8)
28... a6 29. Bb7 Rb8 0-1

[Event "Corus"]
[Site "Wijk aan Zee"]
[Date "2000.01.30"]
[Round "13"]
[White "Morozevich, Alexander"]
[Black "Nikolic, Predrag"]
[Result "1-0"]
[WhiteElo "2748"]
[BlackElo "2659"]
[Annotator "Psakhis,L"]
[PlyCount "87"]
[EventDate "2000.01.15"]
[EventType "tourn"]
[EventRounds "13"]
[EventCountry "NED"]
[EventCategory "18"]
[SourceTitle "CBM 075"]
[Source "ChessBase"]
[SourceDate "2000.04.05"]
[SourceVersion "1"]
[SourceVersionDate "2000.04.05"]
[SourceQuality "1"]

1. e4 e6 2. d3 d5 3. Qe2 {Morozevich twice successfully used this line in the
finish of Wijk aan Zee tournament,} dxe4 4. dxe4 e5 ({Just two rounds before
this game Lputian tried} 4... b6 5. Nd2 Ba6 6. Nc4 Nf6 7. Nf3 Nc6 8. c3 Be7 9.
e5 Nd7 10. Qe4 Bb7 11. Qg4 g6 12. Bh6 b5 $1 $13 {with complicated game 1-0
Morozevich,A-Lputian,S/Wijk aan Zee 2000.}) 5. Nf3 Nd7 6. Nbd2 ({After} 6. c3
a5 7. Qc2 Ngf6 8. Be2 Bc5 9. O-O O-O 10. Nbd2 c6 11. Nc4 Re8 12. a4 Qc7 13. Bg5
h6 14. Bh4 Nh5 15. Rfe1 Nf4 16. Bf1 Nf8 $11 {White didn,t got any advantage})
6... c6 (6... Bc5 7. Nc4 Qe7 8. c3 a5 9. Ne3 Nb6 10. Qc2 Nf6 11. Bb5+ c6 12.
Be2 Ng4 13. Nd1 O-O 14. h3 Nf6 15. Ne3 Nh5 16. g3 Nf6 17. g4 Re8 18. Rg1 Qc7
$132 {Glek,I-Gurevich,M/BL 1998 /0-1 (38}) 7. b3 $146 (7. Nc4 Qc7 8. g3 f6 9.
a4 Nb6 10. Nfd2 Be6 11. a5 Nd7 12. Bh3 Nc5 13. O-O Nh6 14. Bg2 Nf7 15. b4 Nd7
16. c3 Nd6 17. Nxd6+ Bxd6 18. Nc4 Be7 19. Bh3 Nf8 20. Be3 Qc8 21. Bg2 Nd7 {
Ermenkov,E-De Kok,W/Amsterdam op 1985/1-0 (39)}) 7... Qc7 8. Bb2 {White
managed to get small edge in almost simmetrical position, mostly because of
development advantage.} a5 9. g3 {[%cal Gf1h3]} Nh6 (9... a4 10. Bh3 Ngf6 (
10... f6 11. O-O $14) 11. Nc4 Bb4+ 12. Kf1 $5 $14) 10. Bh3 $1 f6 11. a4 $5 (11.
O-O a4 12. Rfd1 {was also possible}) 11... Bb4 12. O-O O-O 13. Nc4 Nf7 14. Ne1
$1 {[%cal Ge1d3][%mdl 32]} Re8 15. Nd3 Bf8 16. Bc3 b6 ({I think, that after
natural} 16... Ng5 $5 17. Bg2 {[%cal Gf2f4]} (17. Bf5 Nc5) 17... Nc5 {black
will be very close to equalization.}) 17. Bd2 {[%cal Gd2e3]} Nd6 18. Nxd6 Bxd6
19. Be3 Nf8 20. Bxc8 Raxc8 21. c3 (21. Nb2 {[%cal Gb2c4]} Ne6 22. Nc4 Bc5 $11)
21... Ne6 22. Rfd1 Rb8 23. b4 $1 $14 {[%csl Gd3,Ge3]} axb4 24. Nxb4 $5 {
[%cal Rb4a6,Ge2c4]} (24. cxb4 $14) 24... Bxb4 25. cxb4 {[%csl Ga4,Gb4]} c5 (
25... Qe7 26. a5 $5 Qxb4 27. Bxb6 $36) 26. Rac1 (26. Qb5 Nd4 $1 27. Qc4+ Qf7
28. Qxf7+ Kxf7 29. bxc5 bxc5 {[%csl Ga4,Gd4] leads to approximate equality.})
26... Qc6 (26... Ra8 27. Qb5) 27. Qa2 (27. Qc4 $6 Qxa4 28. Rd6 Kf7) 27... Kh8 {
Getting out of unpleasant pin} (27... Qxe4 28. bxc5 bxc5 29. Rd6 Qg4 30. Rxc5
$16) (27... Ra8 $5 28. a5 Qxe4 29. Rd6 Qg4 30. Rxb6 $36) 28. Rd5 Ra8 29. a5 Nc7
(29... bxa5 30. bxc5 $36 (30. bxa5 Qb5)) 30. Rdd1 Qxe4 31. Qf7 {[%cal Rd1d7,
Re3h6]} Ne6 32. axb6 Qxb4 33. Rb1 {[%csl Gb1,Gb6,Gd1,Gf7] White activity more
than enough compensate small material deficit.} Qa4 34. b7 Rab8 35. Rd7 Qc6 (
35... Qg4 $2 36. Qxe8+ Rxe8 37. b8=Q $18) 36. Bh6 Rg8 37. Rbd1 {Last finesse.
After} (37. Re7 Qe4 38. Rc1 Qg6 $1 {Black still can fight}) 37... Rbf8 (37...
Qa6 38. Re7) 38. Bxg7+ $1 $18 {Final blow.} Nxg7 (38... Rxg7 39. Qxf8+ Nxf8 40.
b8=Q) 39. Qxf8 $1 Rxf8 40. Rd8 Ne6 41. Rxf8+ Nxf8 42. b8=Q Kg7 43. Qa7+ Kh6 (
43... Kg6 44. Qe7) 44. Qf7 {Nice positional achievment of Morosevich.} 1-0

[Event "Abu Dhabi op 13th"]
[Site "Abu Dhabi"]
[Date "2003.08.19"]
[Round "4"]
[White "Svetushkin, Dmitry"]
[Black "Salem, Ghuloom"]
[Result "1-0"]
[WhiteElo "2571"]
[BlackElo "2341"]
[Annotator "Psakhis,L"]
[PlyCount "97"]
[EventDate "2003.08.16"]
[EventType "swiss"]
[EventRounds "9"]
[EventCountry "UAE"]
[SourceTitle "CBM 097"]
[Source "ChessBase"]
[SourceDate "2003.11.11"]
[SourceVersion "1"]
[SourceVersionDate "2003.11.11"]
[SourceQuality "1"]

1. e4 c5 2. d3 Nc6 3. g3 d5 4. Nd2 Nf6 5. Bg2 e6 6. f4 {Deviating from the
theory at very early stage.} Be7 7. Ngf3 b6 8. O-O O-O (8... Ba6 9. Ne5 Bb7 10.
Nxc6 Bxc6 11. e5 Nd7 12. c3 Qc7 13. Qe2 d4 14. c4 O-O 15. Ne4 Rab8 16. g4 Kh8
17. g5 f5 18. exf6 gxf6 19. Ng3 Bxg2 {Abramovic,B-Lutz,C/Berlin Lasker mem
1989/1/2-1/2 (50)}) (8... Bb7 9. Kh1 Qc7 10. c3 dxe4 11. dxe4 Rd8 12. Qe2 O-O
13. Nc4 Ba6 14. e5 Nd5 15. Qe4 b5 16. Ne3 b4 17. c4 Nxe3 18. Bxe3 Bb7 19. Qc2
Rd7 {1/2-1/2 Pleskach,Y-Grekh,A/UKR-sf B12 Zaporizhia 1999 (27)}) 9. e5 $146 (
9. c3 Bb7 10. Qe2 Qc7 11. h3 Rad8 12. Rf2 Rd7 13. Nf1 Rfd8 14. e5 Ne8 15. Ne3
d4 16. cxd4 Nxd4 17. Nxd4 Rxd4 18. Bxb7 Qxb7 19. Bd2 Rxd3 {Garcia,L-Grau,M/
Onati 1994/1-0 (35)}) 9... Ng4 $6 (9... Nd7 $5 10. c4 $5) 10. Re1 Bb7 11. Nf1
Qd7 ({Worth considering} 11... Nh6 12. h3 $140 Nf5 13. g4 $6 Nh4 $36) 12. h3
Nh6 13. g4 $1 {[%csl Rh6][%mdl 2176]} Kh8 14. Ng3 $36 {[%csl Gf3,Gg3]} Rad8 {
It is very difficult for Black to find concrete plan.} 15. Qe2 a6 16. Bd2 Kg8
17. Rf1 b5 18. Rae1 a5 {This position is almost hopeless for Black, White has
a strong attack and there is no real counter play.} 19. Nh5 {White missed a
very good oportunity to get a big advantage.} (19. f5 $142 $1 exf5 20. g5 $1 (
20. Bxh6 $5 fxg4 (20... gxh6 21. Nxf5 $16) 21. Nh2 $1 gxh3 (21... gxh6 22. Nxg4
) 22. Nf5 {with dangerous attack. It is funny, that Svetushkin will avoid so
natural move a f5 and in future!}) 20... f4 21. gxh6 fxg3 22. hxg7 Kxg7 23. Ng5
$16 {[%csl Rg7]}) 19... c4 20. d4 (20. f5 $1 exf5 21. g5 Bc5+ 22. Kh1 Ng4 23.
hxg4 fxg4 24. Nh2 $18) 20... Rfe8 21. c3 (21. f5 $1 exf5 22. g5 (22. Bxh6 gxh6
23. Qd2 Qe6 24. Nh2 $36) 22... g6 (22... Ng4 23. c3 $1 $18) 23. Nf4 (23. Nf6+
Bxf6 24. gxf6 f4 $1 25. Bxf4 Nf5 26. Qf2 $16) 23... Bxg5 24. Nxg5 Nxd4 25. Qd1
$18 {[%csl Gf4,Gg5]}) 21... Kh8 $1 {[%cal Gh6g8]} 22. Qf2 (22. f5 $5 exf5 23.
gxf5 Nxf5 (23... Qxf5 24. Nh4 $1 Qe6 25. Nxg7 Kxg7 26. Bxh6+ $18) 24. Ng5 $40)
22... b4 23. Ng5 (23. f5 exf5 24. Bxh6 gxh6 25. Nh4 fxg4 26. Nf6 Qe6 27. Nxe8
$16) 23... Bc8 24. Qg3 (24. f5 exf5 (24... Bf8 25. f6 g6 26. Ng7 $1 $18) 25.
gxf5 Qxf5 26. Qxf5 Bxf5 27. Rxf5 Nxf5 28. Nxf7+ Kg8 29. Nxd8 Rxd8 30. Nf4 $16)
24... Rf8 25. h4 (25. f5 exf5 26. e6 $40) 25... a4 26. Bh3 (26. a3 bxa3 27.
bxa3 Bxa3 28. Bh3 {[%cal Gf4f5]} Ne7) 26... a3 {Both players are trying to use
the advantages of his position and playing as much actively as possible.} 27.
f5 {Finally!} axb2 28. f6 gxf6 29. Nxh7 $1 bxc3 (29... Kxh7 30. Qe3 $1 Ng8 31.
Rxf6 {[%cal Rf6h6]} Bxf6 32. Nxf6+ Kh8 33. Qg5 $18) 30. N7xf6 Qa7 (30... cxd2
31. Qf4 Nf5 $8 (31... Ng8 32. Qg5 $18) 32. gxf5 Rg8+ 33. Kh1 Bf8 34. Ng7 $3
Bxg7 35. Qg5 $18) 31. Be3 $2 (31. Bxh6 $142 Qxd4+ 32. Be3 Qxe5 33. Qf2 $16)
31... Rg8 $1 (31... Bxf6 32. Rxf6 Ng8 33. Qf4) 32. Nxg8 Rxg8 33. Nf6 Bxf6 (
33... Nf5 $5 34. Rxf5 exf5 35. Nxg8 f4 $5 36. Qxf4 Kxg8 $19) 34. Rxf6 c2 {
[%csl Gb2,Gc2] Entering complications favors Black, but demand very accurate
play!} (34... Nf5 $5) 35. Qf4 (35. Rxh6+ Kg7 36. Qf4 b1=Q) 35... Nxg4 (35...
Rg7 $5 36. Qxh6+ Kg8 37. Rff1 Qb7 {[%cal Rb2b1]}) 36. Bxg4 Rg7 $8 37. h5 $5
b1=Q 38. Kf2 Nb4 (38... Qaxa2 39. Rc1) 39. Be2 Nd3+ 40. Bxd3 cxd3 {A fabulous
position!} 41. h6 Rh7 42. Rg6 Qe7 43. Rg7 Qxa2 $2 {And Black fails to find the
best continuation!} (43... Qd1 $142 $1 $19 {[%cal Gd1h5]}) 44. Bd2 Qa4 45. Reg1
Qae8 $8 46. Qg4 Q7f8 $8 47. Bg5 $1 f5 $2 {Inexcusable move, which just helping
white to create dangerous threats against black king.} (47... Qxg7 $142 $1 48.
hxg7+ Kg8 $17) 48. Qh4 $1 Qxg7 (48... d2 49. Bf6 $1 d1=N+ 50. Kf3 (50. Ke1 $4
Qb4+) 50... Qa3+ 51. Kg2 $18) 49. Bf6 $1 {The smoke has cleared, and despite
huge material advantage, Black just can't protect his king.} (49. hxg7+ Kg8 50.
Bh6 $18 {[%cal Rh4f6]}) (49. Bf6 c1=Q 50. Bxg7+ Kg8 51. Rxc1 d2 52. Rg1 d1=Q
53. Rxd1 $18) 1-0

[Event "RUS-ch 56th"]
[Site "Krasnoyarsk"]
[Date "2003.09.12"]
[Round "9"]
[White "Ulybin, Mikhail"]
[Black "Ivanov, Sergey"]
[Result "1-0"]
[WhiteElo "2558"]
[BlackElo "2556"]
[Annotator "Psakhis,L"]
[PlyCount "53"]
[EventDate "2003.09.03"]
[EventType "swiss"]
[EventRounds "9"]
[EventCountry "RUS"]
[SourceTitle "CBM 098"]
[Source "ChessBase"]
[SourceDate "2004.02.03"]
[SourceVersion "1"]
[SourceVersionDate "2004.02.03"]
[SourceQuality "1"]

1. e4 e6 2. Qe2 {Deviationg from main theoretical lines as soon as possible.}
c5 3. g3 Nc6 4. Bg2 g6 5. c3 Bg7 6. f4 Nge7 7. Nf3 d6 8. O-O O-O 9. Kh1 (9. Na3
b6 10. Nc2 a5 $5 {[%cal Gc8a6]} 11. d3 a4 12. Kh1 Qd7 13. a3 Ba6 14. Be3 Rae8
15. Rad1 f5 16. exf5 Nxf5 17. Bc1 e5 $36 {1/2-1/2 Kiik,K-Brynell,S/Stockholm
op 1999 (36)}) 9... Rb8 {[%cal Gb7b4]} (9... b6 $5) 10. Na3 Qd7 (10... a6 11.
Rd1 b5 12. d4 b4 13. dxc5 bxc3 14. Nc4 d5 15. Nb6 (15. e5 $5) 15... Qc7 16.
bxc3 dxe4 17. Qxe4 $14 {1-0 Arakhamia,K-Hagarova,Z/EUR t-chW Leon 2001/ (40)})
11. Nc2 $146 {[%cal Gd2d4]} (11. d4 cxd4 12. cxd4 d5 (12... Nxd4 13. Nxd4 Bxd4
14. Nb5 Bg7 15. Rd1 d5 16. Nxa7 Qa4 $13 {Fedorov,A-Gleizerov,E/Vilnius op 1997/
/0-1 (67)}) 13. e5 b5 14. Be3 b4 15. Nb1 Rb6 16. Rc1 Ba6 17. Qe1 Na5 18. Nbd2
Rc8 $11 {Morozevich,A-Bareev,E/RUS-ch Elista 1997/1/2-1/2 (60)}) 11... b5 (
11... b6 12. d4 Bb7 $13) 12. d4 cxd4 13. cxd4 {[%csl Gd4,Ge4]} b4 14. Rd1 $1 {
[%cal Gd4d5]} Rb6 $6 ({This position probably requires more radical decisions:
} 14... d5 15. e5 $14) 15. d5 Ba6 $6 ({Being fully aware of what is going to
happen, I would recommend the following to Black:} 15... exd5 $142 16. exd5 Nd8
$14) 16. Qe1 $1 {[%csl Rb4]} exd5 17. exd5 Na5 {[%csl Ra5]} 18. Nxb4 Bc4 19.
Be3 $16 {White has both positional and material advantage, so the rest is
pretty clear.} Rb5 20. a4 ({Another promising possibility was} 20. Nd4 $5 Bxd4
21. Rxd4 Nf5 22. Re4 Rxb4 23. Qxb4 Bxd5 24. Bg1 $16) 20... Rbb8 (20... Rb7 $5 {
Perhaps Black should have considered. Difference between two moves will be
clear soon.}) 21. Bd4 Bb3 (21... Bxd4 22. Nxd4 {[%csl Rc6]}) 22. Bxg7 Kxg7 23.
Rd3 (23. Rdc1 $5) 23... Rfe8 ({The lesser evil for Black was} 23... Qb7 $142
24. Nc6 $1 $16) 24. Na6 $18 {[%csl Ra5,Rb8]} Nxd5 25. Qxa5 Rb6 26. Nd2 Ne3 27.
Qc3+ 1-0

[Event "RUS-Cup01 Chigorin Memorial"]
[Site "St Petersburg"]
[Date "1997.11.03"]
[Round "3"]
[White "Fedorov, Alexei"]
[Black "Yandemirov, Valeri"]
[Result "1-0"]
[WhiteElo "2600"]
[BlackElo "2500"]
[Annotator "Psakhis,L"]
[PlyCount "69"]
[EventDate "1997.11.01"]
[EventType "swiss"]
[EventRounds "9"]
[EventCountry "RUS"]
[SourceTitle "CBM 062"]
[Source "ChessBase"]
[SourceDate "1998.01.31"]
[SourceVersion "1"]
[SourceVersionDate "1998.01.31"]
[SourceQuality "1"]

1. e4 e6 2. Qe2 c5 3. g3 Nc6 4. c3 g6 5. Bg2 Bg7 6. f4 Nge7 7. Nf3 O-O 8. O-O
d6 9. Na3 Rb8 10. Kh1 a6 (10... f5 11. d3 b5 12. exf5 Nxf5 13. Bd2 d5 14. g4
Nh6 15. Ng5 Qd7 16. Rae1 b4 $13 {Lastin,A-Bareev,E/RUS-ch m1-2 1997/CBM 59/1/
2-1/2 (41)}) 11. Nc2 b5 12. d4 b4 $6 (12... cxd4 $5 13. cxd4 b4 $1 14. b3 a5
15. Bb2 Qb6 16. Rfc1 Ba6 17. Qd1 d5 18. e5 Rfc8 19. Ne3 a4 20. Rc2 a3 $15 {
Onischuk,A-Shaked,T/Fontys 1997/CBM 61/1/2-1/2 (48)}) 13. dxc5 bxc3 (13... dxc5
$5 14. Rd1 Qc7) 14. b3 $5 dxc5 (14... d5 15. e5 {[%csl Rg7]}) 15. Be3 Nd4 $2 (
15... Qa5 $1 16. Qc4 Nb4 17. Rfc1 Bb7 18. Bxc5 Nxc2 19. Rxc2 Rfc8 20. b4 Qa4
$132) 16. Nfxd4 cxd4 17. Rad1 e5 (17... Nc6 18. e5 Bb7 19. Nxd4 Nxd4 20. Bxd4
$16 {[%csl Rc3,Rg7]}) 18. fxe5 Nc6 (18... Bxe5 $5 19. Bxd4 Qc7 $13) 19. Nxd4
Nxe5 20. Nc6 (20. Ne6 Bxe6 21. Rxd8 Rfxd8 $44) 20... Nxc6 21. Rxd8 Rxd8 22. Rc1
(22. Qc4 $1 $16) 22... Nb4 (22... Bb7 $5) 23. Bg5 Re8 24. Bf4 Rb5 25. a4 Rd5 $5
26. e5 g5 (26... Rd3 $1 27. Be4 Rdd8 (27... Bxe5 28. Bxd3 Bb7+ 29. Kg1 Bd4+ 30.
Kf1 Rxe2 31. Kxe2 Bf3+ 32. Kxf3 Nxd3 33. Rd1 Nxf4 34. Kxf4 (34. Rxd4 c2 35. Rc4
Nd3 $1) 34... Bc5 35. Rd8+ Kg7 36. Rc8 Bb4 37. Ke3 $18) 28. Rxc3 Bxe5 29. Bxe5
Rxe5 30. Rc4 a5 $14) 27. Qc4 gxf4 28. Bxd5 Nxd5 29. Qxd5 Be6 (29... Bxe5 30.
Re1 (30. gxf4 Bg7) 30... Be6 (30... c2 31. gxf4 Be6 32. Rg1+ $1 $18) 31. Qxe5
Bd5+ 32. Qxd5 Rxe1+ 33. Kg2 c2 34. Qg5+ Kh8 35. Qc5 $1 $18) 30. Qd4 Bxb3 31.
gxf4 $18 c2 32. Kg1 Rc8 33. Kf2 Be6 34. Qd3 Rc4 35. Qd8+ 1-0